000 00567nam a2200181 i 4500
001 52774
003 ES-MaACL
005 20230906162637.0
007 t|
008 030904s1947 sp ||||1| spa d
245 0 0 _aDecreto de 14 de febrero de 1947 por el que se aprueba el Reglamento para la ejecución de la Ley Hipotecaria.
260 _aMadrid :
_bReus,
_c1947.
300 _a221 p. ;
_c23 cm.
490 1 _aBiblioteca legislativa ;
_v182
830 0 _aBiblioteca legislativa ;
_v182
_9184201
852 _aES-MaACL
_jD-7573
_bR.29514
999 _c52774
_d52774